The liberal awakening 1815-1830

Spremljeno u:
Bibliografski detalji
Glavni autor: Halevy, Elie
Format: Knjiga
Jezik:Undetermined
Izdano: New York Peter Smith 1949
Teme:
Oznake: Dodaj oznaku
Bez oznaka, Budi prvi tko označuje ovaj zapis!
Thư viện lưu trữ: Trung tâm Học liệu Trường Đại học Cần Thơ
LEADER 00572nam a2200229Ia 4500
001 CTU_83950
008 210402s9999 xx 000 0 und d
082 |a 941.07 
082 |b H168 
100 |a Halevy, Elie 
245 4 |a The liberal awakening 1815-1830 
245 0 |c Elie Halevy 
260 |a New York 
260 |b Peter Smith 
260 |c 1949 
650 |a Liberalism 
650 |x History 
650 |y 19th century 
650 |z Great Britain 
904 |i QHieu (sửa) 
910 |i Tuyen 
980 |a Trung tâm Học liệu Trường Đại học Cần Thơ